| 000 | 00598nam a2200241Ia 4500 | ||
|---|---|---|---|
| 008 | 160319s9999 xx 000 0 und d | ||
| 020 | _a9780439876520 | ||
| 050 | _a595.28 | ||
| 050 | _bB344b 2007 | ||
| 100 | _aBauer, Jeff | ||
| 245 | _aButterfly life cycle / | ||
| 245 | _cJeff Bauer. | ||
| 260 | _aNew York : | ||
| 260 | _bScholastic Inc. | ||
| 260 | _c2007 | ||
| 300 | _a24 pages : | ||
| 300 | _bcolor illustrations ; | ||
| 300 | _c23 cm. | ||
| 440 | _aScience vocabulary readers. | ||
| 650 | _aButterflies -- | ||
| 650 | _aButterflies. | ||
| 650 | _xJuvenile literature. | ||
| 999 |
_c292013 _d292013 |
||